Guess The NFL Team by Madden Rating - Statistics

General Stats
  • This quiz has been taken 1,476 times
  • The average score is 11 of 32
Answer Stats
QB RB WR WR TE Answer % Correct
99 82 78 77 99 Chiefs
85%
79 98 89 86 96 49ers
66%
84 77 99 77 91 Vikings
63%
94 79 97 83 83 Bills
61%
86 82 99 87 69 Dolphins
57%
91 78 84 78 95 Ravens
54%
92 87 94 87 74 Bengals
51%
88 84 93 88 87 Eagles
43%
77 95 97 80 74 Raiders
43%
76 97 91 79 83 Browns
39%
81 84 87 79 73 Lions
38%
75 95 89 75 71 Titans
38%
72 93 80 77 85 Giants
33%
87 88 90 82 73 Cowboys
32%
90 89 89 88 84 Chargers
30%
86 84 84 78 78 Jets
29%
76 81 77 77 81 Texans
27%
80 72 96 78 82 Rams
25%
76 76 90 86 73 Buccaneers
22%
72 82 92 82 71 Commanders
22%
70 87 85 77 72 Colts
21%
76 77 86 79 80 Bears
20%
78 88 89 89 78 Seahawks
20%
70 81 80 75 87 Falcons
19%
74 90 77 74 70 Packers
19%
71 83 82 81 84 Steelers
19%
83 86 85 85 84 Jaguars
18%
77 86 86 84 73 Saints
18%
74 81 83 74 79 Panthers
17%
77 80 83 83 74 Broncos
16%
74 81 80 80 82 Patriots
15%
78 81 86 80 81 Cardinals
14%
No matching quizzes found
Score Distribution
Percent of People with Each Score
Percentile by Number Answered
Your Score History
You have not taken this quiz